000 00760nam a22002777a 4500
001 BR0103517
003 BR-BrBNA
005 20230928100841.0
007 ta
008 230509b bl.||||| |||| 00| 0 por d
040 _aBR-BrBNA
_bpor
_cBiblioteca Nacional de Agricultura
041 _a(Por)
072 _aE11; D50
090 _ E11 BR0103517
110 1 _aNucleo de Estudos Agrarios e Desenvolvimento Rural, Brasilia, DF (Brasil)
_97673
245 1 _aRelatorio de atividades 1998-2000
260 3 _aBrasilia, DF (Brasil):
_c2000.
300 _a83 p.
500 _a20 illus.
650 _aReforma Agraria
650 _aEstrutura Agraria
650 _aAssentamento
650 _aPortaria
909 _a202309
_bLucia
_c55
_dLucia Elande
942 _cBK
999 _c63096
_d63096